| 000 | 00945cab a2200289 4500 | ||
|---|---|---|---|
| 001 | ABS46916 | ||
| 008 | 090401t1992 xxu||||| |||| 00| 0 eng d | ||
| 035 | _a(Sirsi) u60126 | ||
| 041 | _aeng | ||
| 100 | _aGronow, S. | ||
| 245 | _aBuilding society mortgage valuation fraud | ||
| 260 | _c1992 | ||
| 350 | _a0 | ||
| 490 |
_aJournal of Property Valuation and Investment _v10(4) Summer 1992, 701-704(5) |
||
| 520 | _aLooks at status fraud, property fraud, empty house fraud and conflicts of interest, which the mortgage valuer could encounter. Suggests measures to eliminate malpractice. | ||
| 650 | _aCONFLICTS OF INTEREST | ||
| 650 | _aEMPTY HOUSE FRAUD | ||
| 650 | _aMORTGAGE FRAUD | ||
| 650 | _aMORTGAGES | ||
| 650 | _aSTATUS FRAUD | ||
| 650 | _aSURVEYORS | ||
| 650 |
_aValuation _96273 |
||
| 690 | _aHOUSING-FINANCE | ||
| 690 | _aMANAGEMENT-BUSINESS MANAGEMENT-PROFESSIONAL PRACTICE | ||
| 942 | _n0 | ||
| 948 | _c04/03/1997 | ||
| 999 |
_c37036 _d37036 |
||